Jojo ASBR - Dio Brando Moveset - Statistics

General Stats
  • This quiz has been taken 14 times
  • The average score is 7 of 23
Answer Stats
Input Answer % Correct
↓↘→ + L KUA!
75%
↓↘→ + M KUA!
75%
↓↘→ + H KUA!
75%
↘ + H Punch right through you!
50%
↓↘→ + 2 ATK Buttons Space Ripper Stingy Eyes!
50%
H during "KUA!" WRYYY!
50%
LMH (In Air) Aerial Chain Beat
25%
↓↙← + H Frozen in your tracks!
25%
↓↙← + S How feeble!
25%
↓↘→ + 3 ATK Buttons I'll give them all a good show!
25%
G I'll give them all a good show!
25%
S I'll suck you dry!
25%
↘ + S I'll suck you dry!
25%
↓↘→ + S USELESS, USELESS, USELESS!
25%
↓↙← + L Vaporizing Freeze
25%
↓↙← + M Vaporizing Freeze
25%
↙↖ / ↙↑ / ↙↗ You are a mere dog!
25%
↓↖ / ↓↑ / ↓↗ You are a mere dog!
25%
↘↖ / ↘↑ / ↘↗ You are a mere dog!
25%
M during "KUA!" Did you think you could defeat me, the great DIO?!
0%
L during "KUA!" That must be five or six ribs broken!
0%
2 ATK Buttons (←) You impudent fool!
0%
T (←) You impudent fool!
0%
No matching quizzes found
Score Distribution
Percent of People with Each Score
Percentile by Number Answered
Your Score History
You have not taken this quiz